| 000 | 00474nam a2200181Ia 4500 | ||
|---|---|---|---|
| 001 | 4910 | ||
| 005 | 20260306145829.0 | ||
| 008 | 260306t2008||||xx |||||||||||||| ||spa|| | ||
| 041 | _aESP | ||
| 082 |
_a331.137 _bY915 |
||
| 100 |
_aYamada Fukusaki, Gustavo _eAUT |
||
| 245 | 0 |
_aReinserción laboral adecuada: _bdificultades e implicancias de política |
|
| 260 | _c2008 | ||
| 300 |
_a102 páginas : _c21 cm. |
||
| 650 | _aGEN | ||
| 654 | _aCAN | ||
| 942 |
_cLIB _dJUS _fJUS _2ddc _n |
||
| 999 |
_c4910 _d4910 |
||